| 000 | 00702nam a2200229 a 4500 | ||
|---|---|---|---|
| 003 | PILC | ||
| 005 | 20160223074237.0 | ||
| 008 | 081002s19uu xx 00 eng d | ||
| 020 | _a9780750663182 | ||
| 020 | _a0750663189 | ||
| 050 |
_aCC 135 _b.M687 2006 |
||
| 100 | _aMisiura, Shashi. | ||
| 245 |
_aHeritage marketing / _cShashi Misiura. |
||
| 260 |
_aGreat Britain : _bElsevier Ltd., _c2006. |
||
| 300 |
_a280 pages : _c25 cm. _billustrations ; |
||
| 500 | _aIncludes bibliographical references and index. | ||
| 650 |
_aCultural property _xProtection. |
||
| 650 | _aHeritage tourism. | ||
| 650 |
_aExcavations (Archaelogy) _xInterpretive programs. |
||
| 942 |
_cBK _2lcc _kFOR |
||
| 999 |
_c23262 _d23262 |
||